MARC

LEADER 00000nam0a2200000 4500
001 358709
005 20231102011124.0
035 |a (RuTPU)RU\TPU\retro\15980 
090 |a 358709 
100 |a 20200821d1978 km y0rusy50 ca 
101 0 |a rus 
102 |a RU 
105 |a a z 001zy 
200 1 |a Тесты (теория, построение, применение)  |f Н. А. Соловьев  |g Академия наук СССР, Сибирское отделение, Институт математики ; отв. ред. Х. А. Мадатян 
210 |a Новосибирск  |c Наука  |d 1978 
215 |a 192 с.  |c ил. 
320 |a Библиогр.: с. 182-187 
606 1 |a Математическая кибернетика  |2 stltpush  |3 (RuTPU)RU\TPU\subj\41203  |9 61011 
610 1 |a математические тексты 
610 1 |a теория 
610 1 |a построение 
610 1 |a применение 
610 1 |a распознавание образов 
610 1 |a электрические сети 
610 1 |a неисправности 
675 |a 519.7  |v 4 
700 1 |a Соловьев  |b Н. А.  |g Николай Андреевич 
702 1 |a Мадатян  |b Х. А.  |4 340 
712 0 2 |a Академия наук СССР  |b Сибирское отделение  |b Институт математики  |2 stltpush  |3 (RuTPU)RU\TPU\col\11754  |9 25245 
801 1 |a RU  |b 63413507  |c 20200821 
801 2 |a RU  |b 63413507  |c 20210316  |g RCR 
942 |c BK